000 01346nam a2200229Ia 4500
003 OSt
005 20220918105459.0
006 a|||||r|||| 00| 0
007 ta
008 220915b |||||||| |||| 00| 0 hin d
024 _a158331
037 _cReference Collections
040 _aARTS
_cARTS
_bhin
041 _2hin
_ahin
082 _aO152,4k, K4 (RR)
100 _aचित्राव, सिद्धेश्वरशास्सत्री
_91581
245 0 _aभारतवर्षीय प्राचीन चरित्रकोश
_b श्रुति, स्मृति, पुराण, सूत्र, वेदांग, उपनिषद्, बौद्ध एंव जैन साहित्य मे निर्दिष्ट व्यक्तियों की साधार जानकारी प्रस्तुत करने वालाग्रंथ
246 _aBhāratavarṣhīya prāchīn charitrakosha: shruti, smṛuti, purāṇa, sūtra, vedāanga, upaniṣhad, bauddha eanva jain sāhitya me nirdiṣhṭa vyaktiyoan kī sādhār jānakārī prastut karane vālāgrantha
260 _c1964
942 _hO152,4k, K4 (RR)
_cREF
999 _c107498
_d107498